Регионална библиотека "Любен Каравелов" - Русе

Технологична екипировка (Запис номер 186446)

MARC детайли
000 -Лидер
Контролно поле с фиксирана дължина 01481nam a2200313 c 4500
003 - Код на организацията, давaща контролен номер
Контролно поле BLK
005 - Дата и час на последна редакция
Контролно поле 20190926123934.0
008 - Елементи от данни с фиксирана дължина
fixed length control field 180411b bul|||||r ||||||| ||bul||
010 ## - Наследен системен номер
LC control number KNG00195441000
040 ## - Източник на каталожния запис
Идентификатор на билиотеката - собственик на записа BLK
041 ## - Код за език
Код за езика на текст/звукозапис или на отделно заглавие Български
Код за езика КДБФ Български
080 ## - УДК
Текстов определител УДК Технология на металите. Металообработване. Общи въпроси
УДК код - определител по УДК 621.7/.9
УДК определител (075.8)
УДК - код + определител 621.7/.9(075.8)
100 1# - Редна дума - Автор
Автор Недялков, Александър Стоянов
Авторска отговорност първи автор
R(LIN) 344101
139 ## - Редно поле
Редна дума Недялков, Александър Стоянов и др.
Авторски знак Недя - Н 46
245 10 - Сведения за заглавието
Заглавие Технологична екипировка
Подзаглавни данни Учебник за студентите от ВТУЗ
Редно поле (дума) Александър Стоянов Недялков; съавт. Петър Маринов Събчев; съавт. Димитър Д. Маров.
257 ## - Страна на издаване
Страна на създаване/издаване България
260 ## - Област на издателските данни
-- София
Име на издателя, разпространителя и проч. Техника
Година на издаване 1987
Печатница Враца : В. Александров
300 ## - Физическа характеристика
Страници 367 с.
Илюстрации и др. със сх., табл.
Размери/Мащаб 22 см
380 ## - Жанр
Жанр Техника
500 ## - Общи забележки
Забележка 5 088 тир. - Библиогр. с. 364-365.
650 #4 - Допълнително описание по предмет – тема
Основно описание – тема или топоним Технология на металите - учебници за ВУЗ
9 (RLIN) 289410
700 1# - Други автори (авторска отговорност)
Лично име Събчев, Петър Маринов
Автороска отговорност (Описва отношението между автора и произведението) съавт.
9 (RLIN) 370003
700 1# - Други автори (авторска отговорност)
Лично име Маров, Димитър Д.
Автороска отговорност (Описва отношението между автора и произведението) съавт.
9 (RLIN) 344102
852 ## - Местоположение
Форматна сигнатура Цб149243
856 4# - Електронен адрес и достъп
Електронен формат pdf - файл
Път до файла /url/
856 4# - Електронен адрес и достъп
Електронен формат pdf - файл
Път до файла /url/
942 ## - АРТИКУЛИ
Вид на библиотечния материал Книги
Скрит в OPAC Не
Koha issues (borrowed), all copies 2
944 ## - СЪЗДАВАНЕ И РЕДАКЦИЯ на ЗАПИСА
Създаване/Редакция Създаване
Дата на регистрацията/редакция 08.11.2016
Служител, извършил регистрацията/редакцията Кети_Илиева
944 ## - СЪЗДАВАНЕ И РЕДАКЦИЯ на ЗАПИСА
Създаване/Редакция Редакция
Дата на регистрацията/редакция 08.11.2016
Служител, извършил регистрацията/редакцията Кети_Илиева
999 ## - СИСТЕМНИ КОНТРОЛНИ НОМЕРА
Koha biblionumber 186446
Koha biblioitemnumber 186446
Наличности
Код за отписване Код за изгубен артикул Източник на класификационната схема Код за повреда Коз за рестрикции Код за отдаване Артикулен № Име на библиотеката - собственик Име на библиотеката, в която се намира в момента Статус (Текущо местоположение) Дата на вписване в системата Местоположение - отдел Цена в лева Инвентарен номер Систематично азбучна сигнатура Баркод Номер на екземпляра Цена в евро Служебна бележка Служебен тип на артикула
  Не е изгубен Universal Decimal Classification Не е повреден без рестрикции ползва се в читалня 324601 Регионална библиотека "Любен Каравелов" Русе Регионална библиотека "Любен Каравелов" Русе Хранилище 1987-01-01 Хранилище 2.02 481752 Цб 149243 120000481752 1 1.03 Вид: Сф Дата: 01.01.1987 Книги
  Не е изгубен Universal Decimal Classification Не е повреден без рестрикции заемане за дома 324602 Регионална библиотека "Любен Каравелов" Русе Регионална библиотека "Любен Каравелов" Русе Заемна - подръчен фонд 1987-01-01 Заемна - подръчен фонд 2.02 482278 П 621.7/.9/Н 46 120000482278 2 1.03 Вид: Сф Дата: 01.01.1987 Дата инв: 06.02.2018 Бележки инв: П2018 Книги
Vip Innovations Ltd, Rousse, Bulgaria 2025